[Event "112th US Open"]
[Site "Orlando USA"]
[Date "2011.08.02"]
[Round "4"]
[White "Vazquez Maccarini,Danitza"]
[Black "Zepeda,L"]
[Result "0-1"]
[WhiteElo "1785"]
[BlackElo "2187"]

1.e4 c5 2.Nf3 d6 3.d4 cxd4 4.Nxd4 Nf6 5.Nc3 a6 6.Be3 e5 7.Nb3 Be6 8.f3 Be7
9.Qd2 O-O 10.O-O-O Nbd7 11.g4 b5 12.g5 b4 13.Ne2 Ne8 14.f4 a5 15.f5 a4 16.fxe6 axb3
17.cxb3 fxe6 18.Kb1 Rxa2 19.Kxa2 Qa8+ 20.Kb1 Qxe4+ 21.Qd3 Qxh1 22.Bh3 Qb7
23.Bxe6+ Kh8 24.Bd5 Qb8 25.Rg1 Nc5 26.Bxc5 dxc5 27.Rg3 Qd6 28.Rh3 h6 29.gxh6 g5
30.Rf3 Rxf3 31.Qxf3 Qxh6 32.Ka2 Nf6 33.Ng3 Qxh2 34.Bc4 e4 35.Nxe4 Qe5 36.Nxf6 Bxf6
37.Qa8+ Kg7 38.Qg2 Qd4 39.Qb7+ Kh6 40.Qg2 g4 41.Be6 Kg5 42.Bc8 Be5 43.Kb1 g3
44.Bb7 Qf2 45.Qxf2 gxf2 46.Bg2 Kf4 47.Kc2 Kg3 48.Bf1 Kh2 49.Kd2 Kg1 50.Ke2 Bxb2
51.Bh3 Bd4 52.Bf1 Bc3 53.Bh3 Be1 54.Bf1 c4 55.bxc4 b3 56.Bh3 b2  0-1

[Event "ECT Open A"]
[Site "Borne NED"]
[Date "2011.08.03"]
[Round "5"]
[White "Mostertman,M"]
[Black "Van Der Werff,Frank"]
[Result "1-0"]
[WhiteElo "2232"]
[BlackElo "1875"]

1.e4 c5 2.Nf3 d6 3.d4 cxd4 4.Nxd4 Nf6 5.Nc3 a6 6.Be3 Ng4 7.Bc1 Nf6 8.Be2 e6
9.O-O b5 10.Bf3 Ra7 11.Be3 Rd7 12.g4 h6 13.a3 Be7 14.h3 Bb7 15.Bg2 d5 16.e5 Ne4
17.f4 Nc6 18.Nce2 Nxd4 19.Nxd4 Bc5 20.c3 h5 21.gxh5 Bxd4 22.Bxd4 Ng3 23.Qg4 Nf5
24.Bf3 a5 25.Be2 b4 26.axb4 axb4 27.Bb5 g6 28.hxg6 Rg8 29.Qh5 Rxg6+ 30.Kh1 Nxd4
31.cxd4 Qb6 32.f5  1-0

[Event "Tabor Open"]
[Site "Tabor CZE"]
[Date "2011.08.03"]
[Round "5.18"]
[White "Vitak,P"]
[Black "Lacina,F1"]
[Result "1-0"]
[WhiteElo "2185"]
[BlackElo "2059"]

1.e4 c5 2.Nf3 d6 3.d4 cxd4 4.Nxd4 Nf6 5.Nc3 a6 6.Be3 e6 7.Be2 Be7 8.O-O O-O
9.f4 Qc7 10.Qe1 b5 11.a3 Bb7 12.Bf3 Nbd7 13.Qg3 Nc5 14.e5 Nfe4 15.Nxe4 Bxe4
16.exd6 Bxd6 17.b4 Bxf3 18.bxc5 Qxc5 19.Qxf3  1-0

[Event "9th ch-EU Youth U14"]
[Site "Mureck AUT"]
[Date "2011.08.04"]
[Round "2"]
[White "Pechac,Jergus"]
[Black "He,Ben"]
[Result "1/2-1/2"]
[WhiteElo "1999"]
[BlackElo "1698"]

1.e4 c5 2.Nf3 d6 3.d4 cxd4 4.Nxd4 Nf6 5.Nc3 a6 6.Be3 e6 7.Be2 Be7 8.O-O Nc6
9.f4 Bd7 10.g4 Nxd4 11.Qxd4 O-O 12.g5 Ne8 13.h4 Nc7 14.f5 e5 15.Qd2 Bc6 16.Rad1 Nb5
17.Nd5 Bxd5 18.Qxd5 Nd4 19.Bxd4 exd4 20.Qxd4 Re8 21.f6 Bf8 22.fxg7 Bxg7 23.Qd5 Qb6+
24.Kh1 Re7 25.Rd3 Qc5 26.Bh5 Rf8 27.Bf3 Qxd5 28.Rxd5 Be5 29.b3 Rc8 30.c4 Kg7
31.h5 h6 32.Rg1 hxg5 33.Rxg5+ Kh6 34.Rf5 f6 35.Rd2 Rc6 36.Rg2 Rg7 37.Bg4 b5
38.Be2 Rxg2 39.Kxg2 b4 40.Kf3 Rc8 41.Ke3  1/2-1/2

[Event "112th US Open"]
[Site "Orlando USA"]
[Date "2011.08.04"]
[Round "3"]
[White "High,David L"]
[Black "Zepeda,L"]
[Result "0-1"]
[WhiteElo "1879"]
[BlackElo "2187"]

1.e4 c5 2.Nf3 d6 3.d4 cxd4 4.Nxd4 Nf6 5.Nc3 a6 6.Be3 e5 7.Nb3 Be6 8.f3 Be7
9.g4 O-O 10.Qd2 Nbd7 11.O-O-O b5 12.h4 b4 13.Ne2 a5 14.h5 a4 15.Nbd4 exd4
16.Nxd4 b3 17.a3 bxc2 18.Re1 Nc5 19.g5 Nfd7 20.Qg2 Nb3+ 21.Kxc2 Qa5 22.Nxe6 Qxe1
23.Bc4 Qxe3 24.Nxf8 Nxf8 25.g6 Rc8 26.h6 Rxc4+ 27.Kb1 Rc1+ 28.Ka2 Nxg6  0-1

[Event "98th ch-GBR"]
[Site "Sheffield ENG"]
[Date "2011.08.04"]
[Round "10.10"]
[White "Hunt,A"]
[Black "Adair,J"]
[Result "0-1"]
[WhiteElo "2436"]
[BlackElo "2212"]

1.e4 c5 2.Nf3 d6 3.d4 cxd4 4.Nxd4 Nf6 5.Nc3 a6 6.Be3 e5 7.Nb3 Be6 8.f4 exf4
9.Bxf4 Nc6 10.Qe2 Be7 11.h3 Nd7 12.O-O-O Nce5 13.Kb1 O-O 14.Nd4 Qc7 15.Nf5 Nb6
16.Qf2 Rfe8 17.Qg3 Bf8 18.Bh6 Ng6 19.Be3 Rac8 20.Qf2 Nc4 21.Bxc4 Bxc4 22.Bb6 Qc6
23.h4 Ne5 24.h5 Ng4 25.Qd4 Re6 26.Rh4 Nf6 27.Ne3 Nd7 28.Ned5 Re5 29.Ba7 Bxd5
30.exd5 Qc7 31.Qa4 b6 32.Qxa6 Re7 33.Qa3 Ne5 34.Ra4 b5 35.Ra6 Qb7 36.Rb6 Qxa7
37.Qxa7 Rxa7 38.Nxb5 Rd7 39.b3 Rdd8 40.a4 Rb8 41.Rxb8 Rxb8 42.c4 Be7 43.Kc2 Kf8
44.a5 Ke8 45.a6 Kd7 46.Ra1 Ra8 47.Kc3 Bf6 48.Ra4 Nc6+ 49.Kd3 Na7 50.Nxa7 Rxa7
51.b4 Be7 52.Kd4 Kc7 53.c5 Kb8 54.Ra5 Rc7 55.Kc4 Ka7 56.Kd4 Rc8 57.Kc4 Rc7
58.Kd4 f5 59.Kc4 g6 60.hxg6 hxg6 61.Kd4 g5 62.Kc4 g4 63.Kd4 Bf6+ 64.Kc4 Be5
65.Kd3 f4 66.Ke4 Re7 67.Ra2 f3 68.gxf3 Bg3+ 69.Kd3 gxf3 70.cxd6 Rf7 71.Ra1 Bxd6
72.b5 Bc5 73.Rf1 f2 74.Ke2 Kb6 75.d6 Kxb5 76.Ra1 Ba7 77.Rd1 Rd7 78.Rd5+ Kxa6
79.Rd1 Kb7 80.Rb1+ Kc6 81.Rc1+ Kxd6  0-1

[Event "98th ch-GBR"]
[Site "Sheffield ENG"]
[Date "2011.08.04"]
[Round "10.12"]
[White "Sreeves,C"]
[Black "Bates,Ri"]
[Result "0-1"]
[WhiteElo "2169"]
[BlackElo "2373"]

1.e4 c5 2.Nf3 d6 3.d4 cxd4 4.Nxd4 Nf6 5.Nc3 a6 6.Be3 e5 7.Nb3 Be6 8.f3 Nbd7
9.Qd2 h5 10.a4 Qc7 11.Be2 Nb6 12.O-O d5 13.a5 Nc4 14.Bxc4 dxc4 15.Nc1 Be7
16.Na4 O-O 17.Na2 Rad8 18.Qc3 Qc6 19.Nb6 Bc5 20.Rfd1 h4 21.Kh1 h3 22.Bxc5 Qxc5
23.gxh3 Bxh3 24.Nxc4 Rxd1+ 25.Rxd1 Qf2 26.Rg1 Rd8 27.Qe3 Bg2+  0-1

[Event "98th ch-GBR"]
[Site "Sheffield ENG"]
[Date "2011.08.04"]
[Round "10.37"]
[White "Weaving,Richard"]
[Black "Waterfield,J"]
[Result "1-0"]
[WhiteElo "2070"]
[BlackElo "1992"]

1.e4 c5 2.Nf3 d6 3.d4 cxd4 4.Nxd4 Nf6 5.Nc3 a6 6.Be3 e5 7.Nb3 Be6 8.f3 Nbd7
9.Qd2 b5 10.O-O-O Nb6 11.Qf2 Nc4 12.Bxc4 bxc4 13.Na5 Qc7 14.Bb6 Qc8 15.Nd5 Nxd5
16.exd5 Bd7 17.Rhe1 Be7 18.Re4 c3 19.b3 O-O 20.Rc4 Qe8 21.Rxc3 f5 22.f4 Rc8
23.Rxc8 Qxc8 24.fxe5 Qc3 25.Qd4 Qc8 26.exd6 Bxd6 27.Qc4 Qb8 28.Bc5 Bxc5 29.Qxc5 Qxh2
30.Qe7 Bc8 31.Nc6 Qxg2 32.Qc5 Bd7 33.Ne7+ Kh8 34.Ng6+ hxg6 35.Qxf8+ Kh7 36.Qe7  1-0

[Event "20th ZDMI Open A"]
[Site "Dresden GER"]
[Date "2011.08.06"]
[Round "1"]
[White "Fuchs,Fl"]
[Black "Gutman,L"]
[Result "0-1"]
[WhiteElo "2088"]
[BlackElo "2451"]

1.e4 c5 2.Nf3 d6 3.d4 cxd4 4.Nxd4 Nf6 5.Nc3 a6 6.Be3 e5 7.Nb3 Be7 8.Qd2 O-O
9.f3 Be6 10.O-O-O a5 11.Bb5 Na6 12.g4 Nc7 13.a4 Qc8 14.g5 Nh5 15.Be2 Rd8
16.Bb6 Nf4 17.Rhg1 d5 18.Qe3 Nxe2+ 19.Nxe2 d4 20.Nbxd4 exd4 21.Bxd4 Na6 22.Nf4 Nb4
23.Rd2 Rxd4 24.Qxd4 Bc5 25.Qe5 Bxg1 26.Nh5 Qf8 27.Rg2 Be3+ 28.Kb1 Nc6 29.Nf6+ gxf6  0-1

[Event "20th ZMDI Open A"]
[Site "Dresden GER"]
[Date "2011.08.08"]
[Round "3.8"]
[White "Markgraf,Al"]
[Black "Jaracz,P"]
[Result "1/2-1/2"]
[WhiteElo "2476"]
[BlackElo "2575"]

1.e4 c5 2.Nf3 d6 3.d4 cxd4 4.Nxd4 Nf6 5.Nc3 a6 6.Be3 e5 7.Nf3 Be7 8.Bc4 O-O
9.O-O Nc6 10.Re1 b5 11.Bf1 Rb8 12.Bg5 Ng4 13.Bc1 Nf6 14.Bg5 Ne8 15.Bc1 Nf6
16.Bg5  1/2-1/2

[Event "Cafe Atlantis Masters"]
[Site "Groningen NED"]
[Date "2011.08.08"]
[Round "1.5"]
[White "Rietveld,R"]
[Black "Tate,A"]
[Result "1-0"]
[WhiteElo "2248"]
[BlackElo "2342"]

1.e4 c5 2.Nf3 d6 3.d4 Nf6 4.Nc3 cxd4 5.Nxd4 a6 6.Be3 e5 7.Nb3 Be6 8.Qd2 Nbd7
9.O-O-O Rc8 10.f3 h5 11.Kb1 b5 12.Nd5 Bxd5 13.exd5 Nb6 14.Bxb6 Qxb6 15.g3 g6
16.Bh3 Bh6 17.f4 Rc7 18.Qe2 e4 19.Rhf1 Bg7 20.f5 g5 21.Nd4 Kd7 22.Qe3 Bh6
23.Qb3 Rc4 24.Nc6 e3 25.Rfe1 Ne4 26.Qd3 Nf2 27.f6+ g4 28.Qf5+ Kc7 29.Bf1 Nxd1
30.Rxd1 Kb7 31.Qxh5 Re4 32.Be2 Qc7 33.Qf5 Rhe8 34.Ne7 R8xe7 35.fxe7 Qxe7
36.a3 Bg7 37.Rf1 Kb6 38.Qc8 Qe5 39.Qc6+ Ka5 40.b4+  1-0

[Event "Arad Open A"]
[Site "Arad ROU"]
[Date "2011.08.10"]
[Round "8.5"]
[White "Daianu,C"]
[Black "Anton,T"]
[Result "1/2-1/2"]
[WhiteElo "2235"]
[BlackElo "2355"]

1.e4 c5 2.Nf3 d6 3.d4 cxd4 4.Nxd4 Nf6 5.Nc3 a6 6.Be3 e6 7.g4 b5 8.g5 Nfd7
9.Bg2 Bb7 10.f4 Nc6 11.O-O Be7 12.Kh1 O-O 13.Qe1 Nxd4 14.Bxd4 e5 15.Be3 exf4
16.Bxf4 Bxg5 17.Bxd6 Re8 18.Qg3 Bf6 19.Nd5 Bxd5 20.exd5 Bxb2 21.Rae1 Qa5
22.Be7 Qxa2 23.d6 Rad8 24.Bxd8 Rxd8 25.c3 Qc4 26.Qg5 f6 27.Bd5+ Kh8 28.Bxc4 fxg5
29.Re7 Nf6 30.Rxf6 gxf6 31.d7 Rxd7 32.Rxd7 bxc4 33.Rc7 Bxc3 34.Rxc4 Be5 35.Ra4 Kg7
36.h4 gxh4 37.Rxa6  1/2-1/2

[Event "50th World Juniors"]
[Site "Chennai IND"]
[Date "2011.08.10"]
[Round "8.4"]
[White "Salgado Lopez,I"]
[Black "Huschenbeth,N"]
[Result "1-0"]
[WhiteElo "2626"]
[BlackElo "2521"]

1.e4 c5 2.Nf3 d6 3.d4 cxd4 4.Nxd4 Nf6 5.Nc3 a6 6.Be3 e6 7.Be2 Nbd7 8.g4 h6
9.f4 g5 10.f5 Ne5 11.fxe6 fxe6 12.Nf3 Nfd7 13.Nxe5 Nxe5 14.Qd4 Bd7 15.O-O-O Be7
16.Kb1 Qa5 17.a3 O-O-O 18.Rhf1 Qc5 19.Qd2 Qc6 20.h4 Rhg8 21.hxg5 Bxg5 22.Bxg5 Rxg5
23.Rf6 Nxg4 24.Rxh6 Rdg8 25.Bxg4 Rxg4 26.Qxd6 Qxd6 27.Rxd6 Rg1+ 28.Ka2 R8g2
29.Rh7 Bc6 30.Rxe6 Rxc2 31.Nd5 Rgg2 32.Ne7+ Kd8 33.Nxc6+ bxc6 34.Rb7 Rge2
35.e5 Kc8 36.Rb3 Kd7 37.Rh6 Rxe5 38.Rb7+ Kc8 39.Ra7 Kb8 40.Rg7 Rce2 41.Rh8+ Re8
42.Rhh7 a5 43.Rb7+ Ka8 44.Rbc7 Kb8 45.Rb7+ Ka8 46.Ra7+ Kb8 47.Rhb7+ Kc8 48.Rb6 R8e6
49.Rxa5 Kc7 50.Rb3 Re8 51.Ra7+ Kd6 52.Ra6 Kc7 53.Rc3 R2e6 54.Rc4 Kb7 55.Raa4 Re5
56.Rc3 Rb5 57.Rc2 Rbe5 58.Rac4 R8e6 59.Rb4+ Rb5 60.Rd4 Rbe5 61.Rcc4 Rb5 62.a4 Rbe5
63.Ka3 Kb6 64.Rb4+ Ka6 65.Rdc4 Re1 66.Rb3 R1e4 67.Rcc3 Re1 68.Rb8 R1e3 69.Kb3 Ka7
70.Rb4 Ka6 71.Rh4 Rxc3+ 72.Kxc3 Kb6 73.b3 Re3+ 74.Kc4 Re1 75.Kb4 Rg1 76.Rc4 Rg5
77.Ka3 Rh5 78.Rb4+ Kc7 79.Rc4 Kb6 80.Rc3 Rg5 81.b4 Rh5 82.Kb3 Rg5 83.Rd3 Rg4
84.Rd7 Rg3+ 85.Kc4 Rg4+ 86.Rd4 Rg1 87.Re4 Rc1+ 88.Kb3 Kb7 89.Re7+ Kb6 90.Re4 Kb7
91.Kb2 Rh1 92.Re7+ Ka6 93.Kc3 Rh4 94.a5 c5 95.Re6+ Kb5 96.Rb6+ Ka4 97.a6 cxb4+
98.Rxb4+ Rxb4 99.a7 Rb3+ 100.Kc2 Rb6 101.a8=Q+ Kb4 102.Qd5 Rb5 103.Qd4+ Ka5
104.Kc3 Rb7 105.Qc5+ Ka6 106.Qc6+ Rb6 107.Qe8 Rb7 108.Kc4 Rc7+ 109.Kd5 Kb6
110.Qb8+ Rb7 111.Qd8+ Kb5 112.Qe8+ Kb4 113.Kc6 Rb5 114.Qe1+  1-0

[Event "20th ZMDI Open A"]
[Site "Dresden GER"]
[Date "2011.08.10"]
[Round "5.17"]
[White "Jaracz,B"]
[Black "Kraemer,Mart"]
[Result "0-1"]
[WhiteElo "2265"]
[BlackElo "2506"]

1.e4 c5 2.Nf3 d6 3.d4 cxd4 4.Nxd4 Nf6 5.Nc3 a6 6.Be3 Ng4 7.Bc1 Nf6 8.Be3 Ng4
9.Bc1 Nc6 10.Nxc6 bxc6 11.Be2 Nf6 12.O-O e6 13.f4 d5 14.Bd3 Be7 15.Kh1 O-O
16.Qe2 c5 17.b3 Qc7 18.Bd2 Bb7 19.Rae1 c4 20.bxc4 dxe4 21.Nxe4 Nxe4 22.Bxe4 Bxe4
23.Qxe4 Rac8 24.Rf3 Qxc4 25.Rc3 Qxe4 26.Rxe4 Rxc3 27.Bxc3 Rc8 28.Re3 Rc4
29.g3 h6 30.Kg2 Ra4 31.Be5 Rxa2 32.Rc3 f6 33.Bd4 Ra4 34.Bf2 g5 35.Rc7 Kf8
36.c4 gxf4 37.gxf4 Bd6 38.Bc5 Bxc5 39.Rxc5 Ke7 40.Kf3 Kd6 41.Rc8 f5 42.Ke3 Ra3+
43.Kd4 Rf3 44.Rd8+ Ke7 45.Ra8 Rxf4+ 46.Kc5 Re4 47.Rxa6 f4 48.Ra2 f3 49.Rf2 Rf4
50.Kb6 e5 51.c5 e4 52.c6 e3 53.c7 Kd7 54.Rc2 Rf8 55.Kb7 f2 56.Rc1 e2  0-1

[Event "9th ch-EU Youth U14"]
[Site "Mureck AUT"]
[Date "2011.08.10"]
[Round "8"]
[White "Thogersen,Rasmus"]
[Black "Nastase,R"]
[Result "0-1"]
[WhiteElo "1848"]
[BlackElo "1894"]

1.e4 c5 2.Nf3 d6 3.d4 cxd4 4.Nxd4 Nf6 5.Nc3 a6 6.Be3 e6 7.g4 b5 8.g5 Nfd7
9.Qd2 Bb7 10.f3 Qc7 11.O-O-O Nb6 12.h4 N8d7 13.Nb3 Rc8 14.h5 b4 15.Nb1 Ne5
16.Na5 Nxf3 17.Qf2 Bxe4 18.Bd3 Bxd3 19.Rxd3 Ne5 20.Rd4 Nd5 21.Rxd5 exd5 22.Bb6 Nd3+  0-1

[Event "ZMDI GER-UKR Rapid"]
[Site "Dresden GER"]
[Date "2011.08.11"]
[Round "1"]
[White "Fuchs,Ju"]
[Black "Doluhanova,E"]
[Result "1-0"]
[WhiteElo "2246"]
[BlackElo "2227"]

1.e4 c5 2.Nf3 d6 3.d4 cxd4 4.Nxd4 Nf6 5.Nc3 a6 6.Be3 e5 7.Nb3 Be7 8.f3 Be6
9.Qd2 O-O 10.O-O-O a5 11.a4 Na6 12.g4 Qc8 13.Kb1 Nb4 14.g5 Nh5 15.Rg1 d5
16.exd5 Bf5 17.Rc1 Rd8 18.Bb6 Rd6 19.Bxa5 Rxa5 20.Nxa5 Nf4 21.Nc4 Rd8 22.Ne3 Bg6
23.h4 Bc5 24.Bb5 Bxe3 25.Qxe3 Nfxd5 26.Nxd5 Nxd5 27.Qxe5 Qc5 28.Rge1 f6 29.gxf6 gxf6
30.Qe6+ Bf7 31.Rg1+ Kf8 32.Qg4 Bg6 33.Qc4 Qf2 34.Rgf1 Qd2 35.Qc5+ Kg7 36.Rg1 b6
37.Qc6 Nb4 38.Qc3 Qd5 39.Qxb4  1-0

[Event "FSIMA August"]
[Site "Budapest HUN"]
[Date "2011.08.12"]
[Round "7"]
[White "Kamberi,S"]
[Black "Szajbely,Z"]
[Result "1-0"]
[WhiteElo "2279"]
[BlackElo "2154"]

1.e4 c5 2.Nf3 d6 3.d4 cxd4 4.Nxd4 Nf6 5.Nc3 a6 6.Be3 e5 7.Nb3 Be6 8.f3 b5
9.Qd2 Nbd7 10.g4 Nb6 11.g5 Nfd7 12.O-O-O Be7 13.h4 Bc4 14.Nd5 Nxd5 15.exd5 a5
16.Kb1 Qc7 17.Qc3 O-O 18.Nd2 Rfc8 19.Bxc4 bxc4 20.Rhg1 Rab8 21.Rg4 a4 22.Rxc4 Qb7
23.Rxc8+ Rxc8 24.Nc4 f6 25.b3 Nc5 26.gxf6 gxf6 27.Bxc5 Rxc5 28.Qd3 Kh8 29.Ne3 Qb4
30.Nf5 Bf8 31.Qd2 Qb7 32.Kb2 Qc8 33.Qd3 Rc3 34.Qe4 a3+ 35.Kb1 Qc5 36.Qg4 Qf2
37.Rc1 Qxf3 38.Qb4 Rxc2 39.Rxc2 Qf1+ 40.Rc1 Qxf5+ 41.Ka1 e4 42.Qxa3 Qxd5
43.Qb2 Qe6 44.a4 Bg7 45.Qc2 f5+ 46.Kb1 Bf8 47.Qc4 Qg6 48.Qd4+ Qg7 49.Qxg7+ Kxg7
50.a5 e3 51.a6 e2 52.a7  1-0

[Event "20th ZMDI Open A"]
[Site "Dresden GER"]
[Date "2011.08.12"]
[Round "7.9"]
[White "Markgraf,Al"]
[Black "Szabo,Krisz1"]
[Result "0-1"]
[WhiteElo "2476"]
[BlackElo "2542"]

1.e4 c5 2.Nf3 d6 3.d4 cxd4 4.Nxd4 Nf6 5.Nc3 a6 6.Be3 e6 7.f3 b5 8.Qd2 Nbd7
9.g4 h6 10.O-O-O Bb7 11.h4 b4 12.Na4 Qa5 13.b3 Nc5 14.a3 Nxa4 15.axb4 Qc7
16.bxa4 Nd7 17.b5 d5 18.bxa6 Bxa6 19.Bb5 Ba3+ 20.Kb1 O-O 21.exd5 Bxb5 22.Nxb5 Rxa4
23.dxe6 Qe5 24.c4 Qxe6 25.Qd3 Rb8 26.Bf4 Rxb5+ 27.cxb5 Rb4+ 28.Kc2 Qa2+  0-1

[Event "20th Poznan Open"]
[Site "Poznan POL"]
[Date "2011.08.12"]
[Round "7.2"]
[White "Szelag,M"]
[Black "Musialkiewicz,P"]
[Result "1-0"]
[WhiteElo "2478"]
[BlackElo "1961"]

1.e4 c5 2.Nf3 d6 3.d4 cxd4 4.Nxd4 Nf6 5.Nc3 a6 6.Be3 Ng4 7.Bg5 h6 8.Bh4 g5
9.Bg3 Bg7 10.h3 Ne5 11.Nf5 Bxf5 12.exf5 Nbc6 13.Nd5 e6 14.Ne3 Qa5+ 15.c3 Nf3+
16.Qxf3 Bxc3+ 17.Kd1 Qa4+ 18.Nc2 Bxb2 19.fxe6 fxe6 20.Rc1 Rc8 21.Bd3 Bxc1
22.Qf6 Kd7 23.Kxc1 Rhe8 24.Rd1 Nd4 25.Rd2 Rc3 26.Bg6 Qxa2 27.Rxd4 Qa1+ 28.Kd2 Rxc2+
29.Bxc2  1-0

[Event "Stare Mesto FIDE Open"]
[Site "Stare Mesto CZE"]
[Date "2011.08.12"]
[Round "1.25"]
[White "Rabatin,J"]
[Black "Glacner,K"]
[Result "1-0"]
[WhiteElo "2150"]
[BlackElo "1729"]

1.e4 c5 2.Nf3 d6 3.d4 cxd4 4.Nxd4 Nf6 5.Nc3 a6 6.Be3 e6 7.Be2 b6 8.f4 Qc7
9.g4 Bb7 10.Bd3 Be7 11.g5 Nfd7 12.Qf3 Nc6 13.O-O-O Nb4 14.Kb1 Nxd3 15.cxd3 b5
16.h4 b4 17.Nce2 e5 18.Nf5 g6 19.Nxe7 Kxe7 20.fxe5 dxe5 21.d4 f6 22.gxf6+ Nxf6
23.Ng3 Raf8 24.Bg5 h6 25.Bxf6+ Rxf6 26.Qb3 Rhf8 27.Qxb4+ Kf7 28.dxe5 Rf2
29.Rc1 Qb8 30.Qb3+ Kg7 31.Rhg1 R2f3 32.Qe6 Re8 33.Nf5+ Kh8 34.Qf6+  1-0

[Event "e2e4 Int Masters D"]
[Site "Sunningdale ENG"]
[Date "2011.08.12"]
[Round "4"]
[White "McClement,A"]
[Black "Eggleston,D"]
[Result "0-1"]
[WhiteElo "2072"]
[BlackElo "2318"]

1.e4 c5 2.Nf3 d6 3.d4 cxd4 4.Nxd4 Nf6 5.Nc3 a6 6.Be3 e5 7.Nb3 Be6 8.f3 Nbd7
9.Qd2 Rc8 10.O-O-O Be7 11.g4 O-O 12.g5 Nh5 13.Ne2 Nb6 14.Ng3 Nf4 15.h4 d5
16.Qa5 Qc7 17.Rh2 Nc4 18.Qxc7 Rxc7 19.Bxc4 dxc4 20.Nd4 exd4 21.Bxf4 Rd7 22.Ne2 Rfd8
23.Be5 Bc5 24.Nf4 d3 25.cxd3 Be3+ 26.Kb1 cxd3 27.Ng2 Bb6 28.Bc3 Bc7 29.Rhh1 a5
30.b3 b5 31.Rd2 a4 32.Kb2 axb3 33.axb3 b4 34.Bxb4 Be5+ 35.Bc3 Bxc3+ 36.Kxc3 Rc7+
37.Kb2 Rb7 38.Nf4 Rxb3+ 39.Ka1 Ra3+ 40.Kb1 Rb8+ 41.Rb2 Rba8 42.Rbh2 d2 43.Nxe6 Rb8+
44.Kc2 Ra2+ 45.Kd3 d1=R+ 46.Rxd1 Rxh2 47.Nd4 Rxh4 48.Ke3 g6 49.Rc1 Re8 50.Rc7 Rh5
51.Kf4 Rh4+ 52.Ke3 Re5 53.Rc8+ Kg7 54.Rc7 Kf8 55.Rc8+ Re8 56.Rc7 Ra8 57.Rc3 Rh1
58.Kf4 Rd1 59.Nb5 Kg8 60.Rc4 Rd3 61.Nd4 Kg7 62.Rb4 Re8 63.Ne2 Red8 64.Rc4 Rd2
65.Nc1 Rb8 66.Ke3 Rg2 67.Rc5 Rb1 68.Nd3 Rd1 69.Nf4 Re1+ 70.Kd4 Rd2+ 71.Nd3 Red1
72.Rc3 Rg1 73.Rc5 Rdg2 74.f4 Rd1 75.Rc3 Ra2 76.Ke3 Ra4 77.Rc7 Ra3 78.Rd7 Re1+
79.Kf3 Rh1 80.Ke3 Rh3+ 81.Kd2 Ra2+ 82.Kc3 Re2 83.Rd4 Rf2 84.e5 Re2 85.Kc4 Rc2+
86.Kd5 Re3 87.Nc5 h5 88.gxh6+ Kxh6 89.e6 fxe6+ 90.Nxe6 Ra2 91.Nc5 Re8 92.Kc4 Rc2+
93.Kd5 Rd8+ 94.Ke4 Re2+ 95.Kd3 Rxd4+ 96.Kxd4 Kh5 97.Nd3 Kg4 98.Ne5+ Kf5 99.Kd3 Re1
100.Nf3 Rh1 101.Ne5 g5 102.Ke2 Kxf4 103.Nd3+ Kg3 104.Ke3 g4 105.Ke2 Ra1 106.Ne5 Ra4
107.Kf1 Rf4+ 108.Kg1 Re4 109.Nd3 Re3  0-1

[Event "CECLUB Div2 Gp1"]
[Site "Padron ESP"]
[Date "2011.08.13"]
[Round "5"]
[White "Suarez Real,A"]
[Black "Sadusea,J"]
[Result "1-0"]
[WhiteElo "2384"]
[BlackElo "2132"]

1.e4 c5 2.Nf3 d6 3.d4 cxd4 4.Nxd4 Nf6 5.Nc3 a6 6.Be3 e5 7.Nf3 Qc7 8.a4 b6
9.Bg5 Nbd7 10.Nd2 Bb7 11.Bc4 Be7 12.Qe2 h6 13.Bxf6 Nxf6 14.O-O O-O 15.Rfd1 Rfd8
16.Nf1 Qc5 17.Nd5 Bxd5 18.Bxd5 Ra7 19.Ne3 Rb8 20.Qd3 Bf8 21.g3 Qc8 22.Kg2 Ng4
23.Nc4 Rc7 24.h3 b5 25.axb5 axb5 26.Nd2 Nf6 27.Bb3 Qb7 28.Ra5 Qc6 29.Rda1 Rcb7
30.Ra7 Qb6 31.R7a6 Qc5 32.Nf1 Rb6 33.Rxb6 Qxb6 34.Ne3 Rc8 35.Nd5 Nxd5 36.Qxd5 Rc7
37.Ra8 g6 38.Re8 Kg7 39.Qa8 Ra7 40.Qc8 Rc7 41.Qd8 Be7 42.Rxe7  1-0

[Event "Stare Mesto FIDE Open"]
[Site "Stare Mesto CZE"]
[Date "2011.08.13"]
[Round "3.2"]
[White "Rabatin,J"]
[Black "Vokac,M"]
[Result "0-1"]
[WhiteElo "2150"]
[BlackElo "2499"]

1.e4 c5 2.Nf3 d6 3.d4 cxd4 4.Nxd4 Nf6 5.Nc3 a6 6.Be3 e5 7.Nb3 Be7 8.Be2 O-O
9.O-O Be6 10.f4 Qc7 11.a4 Nbd7 12.a5 Rfc8 13.Kh1 exf4 14.Rxf4 Ne5 15.Nd4 Re8
16.Nf5 Bxf5 17.Rxf5 Qc6 18.Ra4 Rac8 19.Bg5 Nfd7 20.Bxe7 Rxe7 21.Nd5 Re6 22.c3 Rce8
23.Rd4 Rh6 24.Qd2 Nc5 25.Qd1 Qc8 26.Bg4 Qd8 27.Ne3 Qh4 28.h3 Qg3 29.Qe2 Nc6
30.Rf3 Nxd4 31.cxd4 Nxe4 32.Qc4 Qe1+ 33.Kh2 Rf6 34.Rxf6 Nxf6 35.Nf5 Nxg4+
36.hxg4 h5 37.gxh5 Qxa5 38.Nxd6 Qxh5+  0-1

[Event "XX TCh-MKD"]
[Site "Struga MKD"]
[Date "2011.08.13"]
[Round "6"]
[White "Nedev,Tr"]
[Black "Simeonov,S"]
[Result "0-1"]
[WhiteElo "2491"]
[BlackElo "2357"]

1.e4 c5 2.Nf3 d6 3.d4 cxd4 4.Nxd4 Nf6 5.Nc3 a6 6.Be3 e5 7.Nb3 Be6 8.Qd2 Be7
9.O-O-O Nbd7 10.f4 Ng4 11.g3 Nxe3 12.Qxe3 b5 13.Kb1 b4 14.Nd5 Bxd5 15.Rxd5 Qc7
16.f5 O-O 17.Rd1 Rfc8 18.Rc1 a5 19.Nd2 Nb6 20.c4 d5 21.exd5 Nxd5 22.Qe1 Nc3+
23.Ka1 Qc6 24.Bd3 Rd8 25.Be4 Nxe4 26.Qxe4 Rac8 27.Rc2 Qxe4 28.Nxe4 Rd4 29.Re1 Rdxc4
30.Rxc4 Rxc4 31.Kb1 f6 32.b3 Rd4 33.Kc2 Kf7 34.g4 g6 35.h3 Bd8 36.Nd2 gxf5
37.gxf5 Rf4 38.Rf1 Rh4 39.Rf3 Bb6 40.Kd3 Rd4+ 41.Ke2 Kg7 42.Rd3 Rh4 43.Rd7+ Kh6
44.Rd6 Bd4 45.Rxf6+ Kg5 46.Rf8 e4 47.f6 Bxf6 48.Re8 Kf5 49.Nc4 Rxh3 50.Nd6+ Kg6
51.Nxe4 Bd4 52.Nd2 Rh2+ 53.Kd3 Bc3 54.Ne4 Bg7 55.Ra8 Rxa2 56.Ra6+ Kf5 57.Ra7 Rg2
58.Rxa5+ Kf4 59.Rh5 h6 60.Rh4+ Rg4 61.Rh3 Kf5 62.Rh5+ Kg6 63.Rb5 Bf8 64.Rb6+ Kf7
65.Kd4 Rg6 66.Rxg6 Kxg6 67.Ke3 Kf5 68.Ng3+ Ke5 69.Kf3 Be7 70.Kg4 Bf6 71.Nf5 h5+  0-1

[Event "FSFMA1 August"]
[Site "Budapest HUN"]
[Date "2011.08.14"]
[Round "9"]
[White "Daamen,F"]
[Black "Koczo,K"]
[Result "1/2-1/2"]
[WhiteElo "2057"]
[BlackElo "2242"]

1.e4 c5 2.Nf3 d6 3.d4 cxd4 4.Nxd4 Nf6 5.Nc3 a6 6.Be3 e6 7.f3 b5 8.Qd2 Nbd7
9.g4 Nb6 10.a4 bxa4 11.Nxa4 Nxa4 12.Rxa4 Bb7 13.Be2 d5 14.g5 Nd7 15.exd5 Nb6
16.Nc6 Qxd5 17.Qxd5 Nxd5 18.Na5 Bb4+ 19.Bd2 Bxd2+ 20.Kxd2 Bc8 21.Nb3  1/2-1/2

[Event "26th Universiade Men"]
[Site "Shenzhen CHN"]
[Date "2011.08.15"]
[Round "2.8"]
[White "Nestorovic,N"]
[Black "Moranda,W"]
[Result "1/2-1/2"]
[WhiteElo "2474"]
[BlackElo "2586"]

1.e4 c5 2.Nf3 d6 3.d4 cxd4 4.Nxd4 Nf6 5.Nc3 a6 6.Be3 e6 7.g4 e5 8.Nf5 g6
9.g5 gxf5 10.exf5 d5 11.gxf6 d4 12.Bc4 Qc7 13.Qd3 dxe3 14.O-O-O exf2 15.Kb1 Nc6
16.Nd5 Qa5 17.a3 Bd6 18.Ne3 Bc5 19.Qd5 Rf8 20.b4 Qxa3 21.bxc5 Qxe3 22.Qd6 Qc3
23.Bd5 Qb4+ 24.Ka1 Qc3+ 25.Kb1 Qb4+  1/2-1/2

[Event "26th Universiade Men"]
[Site "Shenzhen CHN"]
[Date "2011.08.16"]
[Round "4"]
[White "Kravtsiv,M"]
[Black "Moranda,W"]
[Result "1-0"]
[WhiteElo "2571"]
[BlackElo "2586"]

1.e4 c5 2.Nf3 d6 3.d4 cxd4 4.Nxd4 Nf6 5.Nc3 a6 6.Be3 e6 7.Be2 Qc7 8.a4 b6
9.f4 Bb7 10.Bf3 Nbd7 11.Qe2 e5 12.Nb3 g6 13.O-O-O Rc8 14.Kb1 Be7 15.g4 exf4
16.Bxf4 Ne5 17.g5 Nfd7 18.h4 Qc4 19.h5 Qxe2 20.Bxe2 Rg8 21.Nd5 Bd8 22.hxg6 hxg6
23.Nd2 Nc5 24.b3 Ne6 25.Bxe5 dxe5 26.Nc4 Rxc4 27.Bxc4 Nxg5 28.Rhf1 Rh8 29.Nf6+ Bxf6
30.Rxf6 Bxe4 31.Rxb6 Rh2 32.Bd3 Bf3 33.Re1 e4 34.Bxa6 Kd7 35.a5 Ne6 36.Bb7 Nd4
37.Bxe4  1-0

[Event "6th Ptuj Open"]
[Site "Ptuj SLO"]
[Date "2011.08.17"]
[Round "8"]
[White "Skuhala,Jernej"]
[Black "Spiranec,Miljenko"]
[Result "1/2-1/2"]
[WhiteElo "1773"]
[BlackElo "1680"]

1.e4 c5 2.Nf3 d6 3.d4 cxd4 4.Nxd4 Nf6 5.Nc3 a6 6.Be3 e5 7.Nb3 Be6 8.f4 exf4
9.Bxf4 d5 10.e5 Ng8 11.Qf3 Bb4 12.O-O-O Bxc3 13.Qxc3 Nd7 14.Na5 Rc8 15.Qb4 Qc7
16.Bd3 Nc5 17.Kb1 Ne7 18.Be3 b5 19.Bxc5 Qxc5 20.Qxc5 Rxc5 21.Nb7 Rc6 22.Nd6+ Kd8
23.Rhf1 Rf8 24.Rd2 Nc8 25.Nb7+ Ke7 26.Na5 Rc7 27.Nb3 Nb6 28.Nd4 Nc4 29.Re2 Bg4  1/2-1/2

[Event "6th Ptuj Open"]
[Site "Ptuj SLO"]
[Date "2011.08.17"]
[Round "8"]
[White "Nikolic,Stank"]
[Black "Laposi,Andrej"]
[Result "0-1"]
[WhiteElo "1974"]
[BlackElo "1774"]

1.e4 c5 2.Nf3 d6 3.d4 cxd4 4.Nxd4 Nf6 5.Nc3 a6 6.Be3 e5 7.Nb3 Be7 8.f3 Be6
9.Qd2 O-O 10.O-O-O a5 11.a4 Nc6 12.g4 Nb4 13.g5 Ne8 14.h4 Rc8 15.Kb1 d5 16.exd5 Bf5
17.Rc1 Nd6 18.Nc5 b6 19.N5e4 Bd7 20.Nxd6 Bxd6 21.h5 Bc5 22.g6 Bf5 23.Bh3 Nxc2
24.gxh7+ Bxh7 25.Rxc2 Bxc2+ 26.Kxc2 Bxe3 27.Qxe3 Rc5 28.Kb1 Re8 29.Rg1 Qh4
30.Bg4 Kh8 31.f4 Rc4 32.Ne2 Qd8 33.h6 g6 34.f5 Qxd5 35.fxg6 fxg6 36.Nc3 Qd4
37.Qe1 e4 38.Be2 Rc7 39.Rxg6 Rec8 40.h7  0-1

[Event "12th Miquel Mas Open"]
[Site "Figueres ESP"]
[Date "2011.08.18"]
[Round "9.32"]
[White "Vilanova Olmedo,I"]
[Black "Garcia Castany,Jose"]
[Result "1/2-1/2"]
[WhiteElo "1762"]
[BlackElo "1438"]

1.e4 c5 2.Nf3 d6 3.d4 cxd4 4.Nxd4 Nf6 5.Nc3 a6 6.Be3 Qc7 7.Be2 e6 8.O-O Be7
9.Kh1 Nc6 10.f4 b5 11.Bf3 Bb7 12.Nxc6 Bxc6 13.e5 dxe5 14.fxe5 Nd7 15.Bf4 Rd8
16.Qe2 O-O 17.Rad1 Qb7 18.Ne4 Bxe4 19.Bxe4 Qc7 20.h3 Rfe8 21.Qf3 Rc8 22.Bg3 Rf8
23.Qh5 g6 24.Qe2 Nxe5 25.Bb7 Qxb7 26.Bxe5 Rfd8 27.Rde1 Bf8 28.Rf2 Rd5 29.Bf6 Bg7
30.Bxg7 Kxg7 31.Ref1 Rf5 32.Rxf5 exf5 33.Qe5+ Kg8 34.Rd1 Qe4 35.Qf6 Qe6 36.Rd8+ Rxd8
37.Qxd8+ Kg7 38.Qd4+ Qf6  1/2-1/2